La via europea al socialismo / (Record no. 32632)

MARC details
000 -LEADER
campo de control de longitud fija 00529nam a2200169 i 4500
001 - NÚMERO DE CONTROL
campo de control 32632
003 - IDENTIFICADOR DE NÚMERO DE CONTROL
campo de control ES-MaACL
005 - FECHA Y HORA DE LA ÚLTIMA TRANSACCIÓN
campo de control 20230906154616.0
007 - CAMPO FIJO DE DESCRIPCIÓN FÍSICA--INFORMACIÓN GENERAL
campo de control de longitud fija t|
008 - DATOS DE LONGITUD FIJA--INFORMACIÓN GENERAL
campo de control de longitud fija 030131s1977 sp ||||1| spa d
245 03 - MENCIÓN DEL TÍTULO
Título La via europea al socialismo /
Mención de responsabilidad, etc. por Enrico Berlinguer... [et al.] ; selección e introducción Ignacio Delogu.
260 ## - PUBLICACIÓN, DISTRIBUCIÓN, ETC.
Lugar de publicación, distribución, etc. Barcelona :
Nombre del editor, distribuidor, etc. Península,
Fecha de publicación, distribución, etc. 1977.
300 ## - DESCRIPCIÓN FÍSICA
Extensión 355 p. ;
Dimensiones 20 cm.
700 1# - ENTRADA AGREGADA--NOMBRE PERSONAL
Nombre de persona Berlinguer, Enrico.
9 (RLIN) 28062
700 1# - ENTRADA AGREGADA--NOMBRE PERSONAL
Nombre de persona Delogu, Ignacio.
9 (RLIN) 43559
852 ## - LOCALIZACIÓN
Ubicación ES-MaACL
Número de control de estantería A-7798
Sublocalización o colección R.96956
Holdings
Estatus retirado Estado de pérdida Estado de daño No para préstamo Biblioteca de origen Biblioteca actual Ubicación en estantería Fecha de adquisición Fuente de adquisición Total de préstamos Signatura topográfica completa Código de barras Visto por última vez Precio de reemplazo Tipo de ítem Koha
        Biblioteca del Ateneo de Madrid Biblioteca del Ateneo de Madrid Sala Pecera Planta 1 17/01/2008     A-7798 1033836 23/02/2023 23/02/2023 Libro impreso